| 000 | 00952nam a2200289Ia 4500 | ||
|---|---|---|---|
| 003 | IN-BaIIA | ||
| 008 | 211028s9999 xx 000 0 eng d | ||
| 020 | _a3-540-52308-1 | ||
| 040 | _cIIA Library | ||
| 080 |
_a049.1:52 _bAAA-49A |
||
| 245 | 0 |
_aAstronomy and Astrophysics Abstracts _bvol. 49B, 1989, pt.1 _cedited by G. Burkhardt…[ et al.] |
|
| 260 |
_aBerlin _bSpringer-Verlag _c1990 |
||
| 300 | _avi, 639p. | ||
| 650 | _aAbstracts-Astronomy | ||
| 650 | _aAstronomy and Astrophysics Thesaurus | ||
| 650 |
_aAstrophysics _9794 |
||
| 700 |
_aBurkhardt G., ed. _916553 |
||
| 700 |
_aHefele, H., ed. _912355 |
||
| 700 |
_aHeinrich, I., ed. _912356 |
||
| 700 |
_aHofmann, W., ed. _912357 |
||
| 700 |
_aKrahn, D., ed. _96056 |
||
| 700 |
_aMatas, V R., ed. _915488 |
||
| 700 |
_aSchmadel, L D., ed. _915489 |
||
| 700 |
_aWielen, R., ed. _916554 |
||
| 700 |
_aZech, G., ed. _916352 |
||
| 942 | _cBK | ||
| 999 |
_c9777 _d9777 |
||